| 000 | 00376nam a2200169Ia 4500 | ||
|---|---|---|---|
| 999 |
_c10484 _d10484 |
||
| 003 | OSt | ||
| 005 | 20220407112318.0 | ||
| 008 | 220318s9999 xx 000 0 und d | ||
| 020 | _a9789881378200 | ||
| 082 | _a745.2 | ||
| 100 | _aDesigner Books | ||
| 245 | 0 | _aSustainable Living - Green Design | |
| 260 | _aDesigner Books | ||
| 365 | _b65 | ||
| 365 | _cUSD | ||
| 942 | _2ddc | ||